Obálka
Pro půjčování e-knih musíte být přihlášeni.
Jak si půjčit online?

The Maasai Have God in the Freezer /

By purchasing this book, you directly support the Maasai community whose lives and stories you read about. The proceeds help real people in a specific village. For more details about how this support works and the projects we run, visit engarre.org.In this book, through humorous stories and many pho...

Celý popis

Uloženo v:
Hlavní autor: Hloušková, Renáta (Autor)
Médium: E-kniha
Jazyk:Czech
Vydáno: Praha : Engarre, 2026
Tagy:
Žádné tagy
LEADER 01877nam a22002297i 4500
001 302325
007 ta
008 260511s2026 xr ||||| |||| 00| 0 cze d
020 |a 9990004268401 
044 |a xr 
100 1 |a  Hloušková, Renáta  |4 aut 
245 1 0 |a The Maasai Have God in the Freezer /  |c  Hloušková, Renáta 
264 1 |a Praha :  |b Engarre,  |c 2026 
300 |a 1 online zdroj (190 stran) 
336 |a text  |b txt  |2 rdacontent 
337 |a bez média  |b n  |2 rdamedia 
338 |a online zdroj  |b cr  |2 rdacarrier 
520 2 |a By purchasing this book, you directly support the Maasai community whose lives and stories you read about. The proceeds help real people in a specific village. For more details about how this support works and the projects we run, visit engarre.org.In this book, through humorous stories and many photographs, you will learn: How to fight wild animals with your hair. How to clean your teeth without a toothbrush. How battle ostriches are unsuitable for trench warfare. How to put on an old worn-out tire as a shoe. How elephants might not eat chili peppers. How it feels to be a cargo motorbike mzungu. How the African village of Mbogoi became a street-food superpower. How to be friends with time. How to properly brew tea the African way. How doors are supposed to look. How a Maasai village works where no Maasai live. How to pay cash for a cashless payment. How to lean on a stick properly and with elegance. How to bargain at a market without unnecessary words. How the Maasai really live deep in the Tanzanian bush. 
910 |a RBIT002 
998 |d 426840  |a https://core.palmknihy.cz/api/books/426840/cover?terhwj  |b https://core.palmknihy.cz/api/books/426840/cover/400?terhwj  |c https://core.palmknihy.cz/api/books/426840/cover/50?terhwj  |e   |g 190  |i 9990004268401  |l   |q 49  |r 1  |s https://www.palmknihy.cz/kniha/426840  |t ebook  |y 2026  |z 1 
999 |d 302323